000
00311nam a2200121Ia 4500
008
190216s9999||||xx |||||||||||||| ||und||
100
_a
Sankaran.N
245
4
_a
The Mathematics Student
250
_a
1st Ed.
260
_b
The Indian Mathematical Society
_c
1985
650
_a
Mathematical Geography
942
_c
BK
999
_c
30927
_d
30927